Statystyki dla Quiz o Eswatini

Kliknij tutaj aby rozwiązać quiz!

Ogólne statystyki

  • Ten quiz został rozwiązany 2 057 razy
  • Średni wynik to 8 z 17

Statystyki odpowiedzi

WskazówkaOdpowiedź% Poprawnych
Państwa granicząceRepublika
Południowej Afryki
97%
Państwa granicząceMozambik
83%
Inny język oficjalnyangielski
71%
Nazwij jedną z dwóch monarchii w Afryce, inną niż EswatiniLesotho | Maroko
66%
Państwo, od którego Eswatini uzyskało niepodległość w 1968Wielka Brytania
64%
Szacuje się, że 27,2% dorosłych jest pozytywnych na tego
wirusa - więcej niż jakikolwiek inne państwo
HIV
59%
Zwierzę, które reprezentuje króla EswatiniLew
57%
Były król Sobhuza II był najdłużej ____ ze
wszystkich monarchów w historii
Panującym
50%
StolicaMbabane
44%
Powyższy ma obecnie 15 ____ - jego poprzednik miał 125Żon
37%
Czarno-biały obiekt, który pojawia się na fladze EswatiniTarcza
33%
Język podstawowy i największa grupa etnicznasuazi
32%
Zwierzę przedstawiające Królową Matkę EswatiniSłoń
28%
Sibebe to drugi co do wielkości _______ na świecie,
po Uluru
Monolit
16%
Siedziba króla i parlamentuLobamba
15%
Obecny monarcha absolutny Eswatini{Mswati} III
15%
Typ szeroko otwartego krajobrazu wiejskiego, zaczynający
się od litery W, obejmujący większość Eswatini
Weld
11%

Rozkład punktacji

Percentyl według liczby udzielonych odpowiedzi

Procent ludzi z każdym wynikiem

Twoja historia wyników

Nie rozwiązałeś tego quizu